书目信息 |
| 题名: |
桥牌初级技巧问答
|
|
| 作者: | 范孙操 编著 | |
| 分册: | ||
| 出版信息: | 北京 人民体育出版社 2003 |
|
| 页数: | 183页 | |
| 开本: | 20cm | |
| 丛书名: | 棋牌技巧问答小丛书 | |
| 单 册: | ||
| 中图分类: | G892.19-49 | |
| 科图分类: | ||
| 主题词: | 桥牌--基本知识 | |
| 电子资源: | ||
| ISBN: | 7-5009-2396-1 | |
| 000 | 00803oam2 2200241 45 | |
| 001 | 002349492 | |
| 005 | 20050224151601.9 | |
| 010 | @a7-5009-2396-1@dCNY12.00 | |
| 100 | @a20030411d2003 em y0chiy50 ea | |
| 101 | 0 | @achi |
| 102 | @aCN@b110000 | |
| 105 | @ay z 000yy | |
| 200 | 1 | @a桥牌初级技巧问答@Aqiao pai chu ji ji qiao wen da@f范孙操编著@FFan Sun Cao Bian Zhu |
| 210 | @a北京@c人民体育出版社@d2003 | |
| 215 | @a183页@d20cm | |
| 225 | 2 | @a棋牌技巧问答小丛书 |
| 330 | @a本书讲述了重要的桥牌基础知识。含有什么叫大牌点、什么叫局况、什么叫赌博性3无将、为什么需要牺牲叫、什么叫飞牌等近80个问题。 | |
| 410 | @12001 @a棋牌技巧问答小丛书 | |
| 606 | 0 | @a桥牌@x基本知识 |
| 690 | @aG892.19-49@v4 | |
| 701 | 0 | @a范孙操@4编著 |
| 801 | 0 | @aCN@bNLC@c20030828 |
| 905 | @b342638-642@dG892.19-49@e191@f5 | |
| 桥牌初级技巧问答/范孙操编著.-北京:人民体育出版社,2003 |
| 183页;20cm.-(棋牌技巧问答小丛书) |
| ISBN 7-5009-2396-1:CNY12.00 |
| 本书讲述了重要的桥牌基础知识。含有什么叫大牌点、什么叫局况、什么叫赌博性3无将、为什么需要牺牲叫、什么叫飞牌等近80个问题。 |
| ● |
| 相关链接 |
|
|
|
|
正题名:桥牌初级技巧问答
索取号:G892.19-49/191
 
预约/预借
| 序号 | 登录号 | 条形码 | 馆藏地/架位号 | 状态 | 备注 |
| 1 | 0342638 | 203426382 | 第一样本阅览室/ [索取号:G892.19-49/191] | 在馆 | |
| 2 | 0342639 | 203426391 | 第四借阅区/ [索取号:G892.19-49/191] | 在馆 | |
| 3 | 0342640 | 203426408 | 第四借阅区/ [索取号:G892.19-49/191] | 在馆 | |
| 4 | 0342641 | 203426417 | 第四借阅区/ [索取号:G892.19-49/191] | 在馆 | |
| 5 | 0342642 | 203426426 | 第四借阅区/ [索取号:G892.19-49/191] | 在馆 |